| 000 | 00683nam a2200229 a 4500 | ||
|---|---|---|---|
| 005 | 20240921063902.0 | ||
| 008 | 991125s2002 es 000 0 spa u | ||
| 020 | _a9684763581 | ||
| 035 | _aUPN01000123277 | ||
| 049 | _aCG | ||
| 050 | 4 |
_aPC2066 _bF7.88b |
|
| 100 | 1 |
_aFreinet, Célestin, _d1896-1966 |
|
| 245 | 1 | 3 |
_aEl texto libre / _cCélestin Freinet ; tr. Francesc Cusó. |
| 260 |
_aMéxico : _bFontamara, _c2002. |
||
| 300 | _a94 p. | ||
| 440 | 0 |
_aFontamara ; _v268 |
|
| 534 |
_pTítulo original: _tLe texte libre |
||
| 650 | 4 |
_aFrancés _xEstudio y enseñanza _913059 |
|
| 650 | 2 |
_aFreinet, Método de educación de _94101 |
|
| 650 | 4 |
_aTEXTO LIBRE _924002 |
|
| 905 | _aLibro | ||
| 999 |
_c95458 _d95458 |
||